Memòria anual / Junta de Ciències Naturals
Descripción Física:
3 v. ; 24 cm
MARC
| LEADER | 00000nam a2200000Ia 4500 | ||
|---|---|---|---|
| 001 | 10285, 10286, 10287 | ||
| 008 | 160829s9999 xx 000 0 cat d | ||
| 080 | |a C-2-98, C-2-99, C-2-100 | ||
| 110 | 2 | |a Junta de Ciències Naturals de Barcelona |9 55756 | |
| 245 | |a Memòria anual / Junta de Ciències Naturals | ||
| 260 | |a Barcelona : |b Museu de Ciències Naturals, [1921 - 1923?] | ||
| 300 | |a 3 v. ; |c 24 cm | ||
| 590 | |a A la part superior de la portada, Ajuntament i Diputació de Barcelona. | ||
| 610 | 2 | 0 | |9 55756 |a Junta de Ciències Naturals de Barcelona |
| 610 | 2 | 0 | |a Junta de Ciències Naturals de Barcelona |v Revistes |9 55757 |
| 710 | 1 | |a Barcelona (Catalunya : Província). |b Diputació |9 52408 | |
| 866 | |a 1919-1920, 1920-1921, 1921-1922 | ||
| 901 | |a Arxiu | ||
| 942 | |n 1 |2 udc | ||
| 952 | |0 0 |1 0 |4 0 |6 C298_C299_C2100 |7 1 |9 47844 |a Arxiu |b Arxiu |d 2016-12-01 |l 0 |o C-2-98, C-2-99, C-2-100 |p 10285, 10286, 10287 |r 2016-12-01 00:00:00 |w 2016-12-01 |y ARXIU | ||
| 999 | |c 51643 |d 51643 | ||